Prenos tepla a látky

Saved in:
Bibliographic Details
Main Authors: Kabát, Ernest (Author), Horník, Štefan (Author)
Format: Book
Language:Slovak
Published: Bratislava : STU v Bratislave, 1993
Edition:1. vyd.
Subjects:
Tags: Add Tag
No Tags, Be the first to tag this record!

MARC

LEADER 00000nam a22000003a 4500
001 stu31404
005 20150617225736.5
008 931102s1993----xo------------------slo-d
020 |a 80-227-0558-6 
040 |a STU  |b slo 
041 0 |a slo 
044 |a xo 
080 |a 536.24 
100 1 |a Kabát, Ernest  |4 aut 
245 1 |a Prenos tepla a látky 
250 |a 1. vyd. 
260 |a Bratislava :  |b STU v Bratislave,  |c 1993 
300 |a 233 s 
650 7 |a prestup tepla  |2 stusub 
650 7 |a prestup látky  |2 stusub 
700 1 |a Horník, Štefan  |4 aut  |u J270  |U SjF Ústav tepelnej energetiky  |T SjF Katedra tepelnej techniky  |U J270  |Y 51 
996 |b 284J019796  |c J*2358-34  |l JJSK  |s A  |a 24  |w stu31404_0001 
996 |b 284J019795  |c J*2358-14  |l JJSK  |s A  |a 24  |w stu31404_0002 
996 |b 284J006360  |c J*2358-35  |l JJSK  |s A  |a 24  |w stu31404_0003 
996 |b 284J006366  |c J*2358-48  |l JJSK  |s A  |a 24  |w stu31404_0004 
996 |b 284J006353  |c J*2358-21  |l JJSK  |s A  |a 24  |w stu31404_0005 
996 |b 284J006354  |c J*2358-22  |l JJSK  |s A  |a 24  |w stu31404_0006 
996 |b 284J006355  |c J*2358-23  |l JJSK  |s A  |a 24  |w stu31404_0007 
996 |b 284J006340  |c J*2358-2  |l JJSK  |s A  |a 24  |w stu31404_0008 
996 |b 284J006341  |c J*2358-3  |l JJSK  |s A  |a 24  |w stu31404_0009 
996 |b 284J006342  |c J*2358-5  |l JJSK  |s A  |a 24  |w stu31404_0010 
996 |b 284J006343  |c J*2358-6  |l JJSK  |s A  |a 24  |w stu31404_0011 
996 |b 284J006344  |c J*2358-7  |l JJSK  |s A  |a 24  |w stu31404_0012 
996 |b 284J006345  |c J*2358-9  |l JJSK  |s A  |a 24  |w stu31404_0013 
996 |b 284J006346  |c J*2358-10  |l JJSK  |s A  |a 24  |w stu31404_0014 
996 |b 284J006359  |c J*2358-31  |l JJSK  |s A  |a 24  |w stu31404_0015 
996 |b 284J006347  |c J*2358-11  |l JJSK  |s A  |a 24  |w stu31404_0016 
996 |b 284J006348  |c J*2358-13  |l JJSK  |s A  |a 24  |w stu31404_0017 
996 |b 284J006349  |c J*2358-15  |l JJSK  |s A  |a 24  |w stu31404_0018 
996 |b 284J006350  |c J*2358-16  |l JJSK  |s A  |a 24  |w stu31404_0019 
996 |b 284J006351  |c J*2358-18  |l JJSK  |s A  |a 24  |w stu31404_0020 
996 |b 284J006352  |c J*2358-20  |l JJSK  |s A  |a 24  |w stu31404_0021 
996 |b 284J006356  |c J*2358-25  |l JJSK  |s A  |a 24  |w stu31404_0022 
996 |b 284J006357  |c J*2358-27  |l JJSK  |s A  |a 24  |w stu31404_0023 
996 |b 284J006358  |c J*2358-29  |l JJSK  |s A  |a 24  |w stu31404_0024 
996 |b 284J006560  |c J*2358-1  |l JJSK  |s A  |a 24  |w stu31404_0025 
996 |b 284J006562  |c J*2358-8  |l JJSK  |s A  |a 24  |w stu31404_0026 
996 |b 284J006561  |c J*2358-4  |l JJSK  |s A  |a 24  |w stu31404_0027 
996 |b 284J006564  |c J*2358-24  |l JJSK  |s A  |a 24  |w stu31404_0028 
996 |b 284J006563  |c J*2358-17  |l JJSK  |s A  |a 24  |w stu31404_0029 
996 |b 284J006566  |c J*2358-22  |l JJSK  |s A  |a 24  |w stu31404_0030 
996 |b 284J006565  |c J*2358-26  |l JJSK  |s A  |a 24  |w stu31404_0031 
996 |b 284J006568  |c J*2358-33  |l JJSK  |s A  |a 24  |w stu31404_0032 
996 |b 284J006567  |c J*2358-30  |l JJSK  |s A  |a 24  |w stu31404_0033 
996 |b 284J006570  |c J*2358-40  |l JJSK  |s A  |a 24  |w stu31404_0034 
996 |b 284J006569  |c J*2358-37  |l JJSK  |s A  |a 24  |w stu31404_0035 
996 |b 284J006572  |c J*2358-44  |l JJSK  |s A  |a 24  |w stu31404_0036 
996 |b 284J006571  |c J*2358-42  |l JJSK  |s A  |a 24  |w stu31404_0037 
996 |b 284J018239  |c J*2358-41  |l JJSK  |s A  |a 24  |w stu31404_0038 
996 |b 284J006361  |c J*2358-36  |l JJSK  |s A  |a 24  |w stu31404_0039 
996 |b 284J006362  |c J*2358-43  |l JJSK  |s A  |a 24  |w stu31404_0040 
996 |b 284J006364  |c J*2358-46  |l JJSK  |s A  |a 24  |w stu31404_0041 
996 |b J89879  |c J*89879  |l JJST  |s P  |a 0  |w stu31404_0042 
996 |b 284J030238  |c J*89878  |l JJST  |s P  |a 0  |w stu31404_0043 
996 |b 284J006363  |c J*2358-45  |l JJSK  |s A  |a 24  |w stu31404_0044 
996 |b 284J026511  |c J*2358-38  |l JJSK  |s A  |a 24  |w stu31404_0045 
996 |b 284J006365  |c J*2358-47  |l JJSK  |s A  |a 24  |w stu31404_0046